| 000 | 00382nam a22001577a 4500 | ||
|---|---|---|---|
| 003 | OSt | ||
| 008 | 240329b |||||||| |||| 00| 0 eng d | ||
| 020 | _a9789352603633 | ||
| 082 | _a320.954 LAI | ||
| 100 | _aLAXMIKANTH, M | ||
| 245 | _aIndian Polity : For Civil Services Examinations | ||
| 250 | _a5th Ed | ||
| 260 |
_aNew Delhi _bTMH _c2008 |
||
| 300 | _aMISC | ||
| 942 |
_2ddc _cREF |
||
| 999 |
_c12333 _d12333 |
||